000 00287nam a22001337a 4500
008 170628b xxu||||| |||| 00| 0 eng d
020 _a9780786301485
041 _aeng
080 _a05
100 _a22
101 _aGJL
245 _aDELEGATION SKILLS
_cTEPPER.B.B
942 _2udc
_cBK
999 _c19439
_d19439